000 00573nam a22001937a 4500
999 _c10679
_d10679
003 AR-CdUCM
008 190401b ||||| |||| 00| 0 spa d
040 _aMUNICIPALIDAD PROVINCIAL DEL CUSCO
_cBIBLIOTECA MUNICIPAL DEL CUSCO
082 _aES / 800 /
_bJ52
100 _aJiménez, Juan Ramón
_912934
245 _aPlatero y yo /
260 _aLima :
_bFondo editorial navarrete,
300 _a128 paginas ;
_c15 cm.
505 _aContenido :Platero y yo.
650 _aLiteratura peruana
_9169
650 _aHistorietas
_910786
942 _2ddc
_cLIBROS
945 _arum